|
|
|
|
| LEADER |
00000nam0a2200000 4500 |
| 001 |
207303 |
| 005 |
20231101225406.0 |
| 010 |
|
|
|a 9785397015387
|
| 035 |
|
|
|a (RuTPU)RU\TPU\book\226102
|
| 090 |
|
|
|a 207303
|
| 100 |
|
|
|a 20120123d2011 m y0rusy50 ca
|
| 101 |
0 |
|
|a rus
|
| 102 |
|
|
|a RU
|
| 105 |
|
|
|a a j 001zy
|
| 200 |
1 |
|
|a Связи с общественностью в работе фирмы. Стратегия, коммуникации, имидж, брендинг
|e учебник
|f С. С. Фролов
|
| 210 |
|
|
|a Москва
|c Либроком
|d 2011
|
| 215 |
|
|
|a 368 с.
|c ил.
|
| 320 |
|
|
|a Библиогр.: с. 356-364.
|
| 330 |
|
|
|a В настоящем учебнике всесторонне рассматривается такой сложный вид деятельности, как связи с общественностью. Описан сложный путь развития этой области человеческого знания и социальных практик, изложены цели и задачи, которые решаются в процессе деятельности по связям с общественностью. Основной целью книги является представление деятельности по связям с общественностью как взаимосвязи разных научных дисциплин, что способствует достижению четко поставленных целей по созданию благоприятного имиджа и репутации организации или личности. В книге также изложены основные методы, которые имеют наибольший успех в процессе осуществления деятельности по связям с общественностью. Учебник предназначен для студентов, преподавателей и слушателей курсов по связям с общественностью, а также для всех, кто интересуется способами воздействия на человека через средства массовой коммуникации.
|
| 606 |
1 |
|
|a Связи с общественностью
|2 stltpush
|3 (RuTPU)RU\TPU\subj\67473
|9 83258
|
| 610 |
1 |
|
|a паблик рилейшнз
|
| 610 |
1 |
|
|a PR
|
| 610 |
1 |
|
|a PR-деятельность
|
| 610 |
1 |
|
|a PR-коммуникации
|
| 610 |
1 |
|
|a PR-мероприятия
|
| 610 |
1 |
|
|a PR-методы
|
| 610 |
1 |
|
|a PR-стратегии
|
| 610 |
1 |
|
|a имидж
|
| 610 |
1 |
|
|a бренды
|
| 610 |
1 |
|
|a брендинг
|
| 610 |
1 |
|
|a теория
|
| 610 |
1 |
|
|a методология
|
| 610 |
1 |
|
|a история
|
| 610 |
1 |
|
|a внешняя среда
|
| 610 |
1 |
|
|a PR-технологии
|
| 610 |
1 |
|
|a сообщения
|
| 610 |
1 |
|
|a кризисный PR
|
| 610 |
1 |
|
|a кризисный менеджмент
|
| 610 |
1 |
|
|a репутация
|
| 610 |
1 |
|
|a репутационный менеджмент
|
| 610 |
1 |
|
|a мифы
|
| 610 |
1 |
|
|a целевая аудитория
|
| 610 |
1 |
|
|a психологическое воздействие
|
| 610 |
1 |
|
|a учебники
|
| 675 |
|
|
|a 659.4(075.8)
|v 3
|
| 700 |
|
1 |
|a Фролов
|b С. С.
|g Сергей Станиславович
|
| 801 |
|
1 |
|a RU
|b 63413507
|c 20120123
|
| 801 |
|
2 |
|a RU
|b 63413507
|c 20150708
|g RCR
|
| 900 |
|
|
|a Связи с общественностью
|
| 942 |
|
|
|c BK
|
| 959 |
|
|
|a 2/20120123
|d 2
|e 356,70
|f ЧЗГЛ:1
|f АНЛ:1
|